000 00754cam a2200229 4500
001 ABS61700
008 000000n1999 000 0 eng u
035 _a(Sirsi) u103146
245 _aDraw of buy-to-let weakens the private rental sector
260 _c1999
490 _aCSM
_bChartered Surveyor Monthly
_v9(3) Nov/Dec 1999, 19(1)
520 _aLooks at the growing trend of buying residential property to let, which is leading to claims of falling rents, particularly in London. Table.
590 _aABS
650 _aINVESTMENT MARKET
650 _aRESIDENTIAL PROPERTY
_96266
650 _aRENTAL VALUES
650 _aFORECASTS
650 _aBUY-TO-LET
650 _aPRIVATE RENTED SECTOR
690 _aHOUSING-INVESTMENT
942 _n0
999 _c61994
_d61994